[Event "Dresden ZMD op 23rd"]
[Site "Dresden"]
[Date "2014.08.16"]
[Round "2"]
[White "Heck, Nils"]
[Black "Mokal, Amruta Sunil"]
[Result "1-0"]
[WhiteElo "2239"]
[BlackElo "2056"]
[PlyCount "103"]
[EventDate "2014.08.15"]
[EventType "swiss"]
[EventRounds "9"]
[EventCountry "GER"]
[SourceTitle "CBM 161 Extra"]
[Source "ChessBase"]
[SourceDate "2014.08.29"]
[SourceVersion "1"]
[SourceVersionDate "2014.08.29"]
[SourceQuality "1"]

1. Nf3 c5 2. c4 Nc6 3. g3 g6 4. Bg2 Bg7 5. 0-0 e6 6. Nc3 Nge7 7. d3 0-0 8. Rb1 d5 9. cxd5 exd5 10. Bf4 b6 11. a3 d4 12. Ne4 h6 13. Bd6 Re8 14. Bxe7 Nxe7 15. Re1 Nd5 16. Qc2 Bg4 17. h3 Bf5 18. Ned2 Qd7 19. Kh2 Rac8 20. Nh4 Be6 21. Rbc1 b5 22. Qb1 g5 23. Nhf3 Bf5 24. Qa2 Nf6 25. a4 Be6 26. Qa3 b4 27. Qa1 g4 28. Ne5 Qc7 29. Ndc4 gxh3 30. Bf3 Nd5 31. Bxd5 Bxd5 32. Nf3 Qc6 33. Ncd2 Be6 34. b3 Bg4 35. Qb2 Re6 36. Qc2 Bf8 37. Qc4 a6 38. Ne4 Kh8 39. Nxd4 Qb7 40. f3 Rxe4 41. dxe4 cxd4 42. Qxd4+ Bg7 43. Qd5 Qb6 44. fxg4 Qf2+ 45. Kxh3 Rc3 46. e3 Qb2 47. Rb1 Qc2 48. Qxf7 Qxe4 49. Qf5 Qe7 50. Rbd1 Rxb3 51. Qc8+ Bf8 52. Rf1 1-0

[Event "Dresden ZMD op 23rd"]
[Site "Dresden"]
[Date "2014.08.15"]
[Round "1"]
[White "Mokal, Amruta Sunil"]
[Black "Schuetze, Norman"]
[Result "0-1"]
[WhiteElo "2056"]
[BlackElo "2284"]
[PlyCount "64"]
[EventDate "2014.08.15"]
[EventType "swiss"]
[EventRounds "9"]
[EventCountry "GER"]
[SourceTitle "CBM 161 Extra"]
[Source "ChessBase"]
[SourceDate "2014.08.29"]
[SourceVersion "1"]
[SourceVersionDate "2014.08.29"]
[SourceQuality "1"]

1. e4 c5 2. Nf3 d6 3. d4 cxd4 4. Nxd4 Nf6 5. Nc3 a6 6. Be2 e6 7. 0-0 Nbd7 8. a4 b6 9. f4 Bb7 10. Bf3 Qc7 11. Qe2 Rc8 12. f5 e5 13. Nb3 Be7 14. Be3 Qb8 15. Nd2 0-0 16. Nc4 Qc7 17. b3 Rfe8 18. Bd2 Bf8 19. g4 b5 20. axb5 axb5 21. Ne3 b4 22. Ncd5 Bxd5 23. exd5 e4 24. Bg2 Qc5 25. Kh1 Nb6 26. g5 Nfxd5 27. Nxd5 Nxd5 28. Bxe4 Qd4 29. Rad1 Nc3 30. Bxc3 Qxc3 31. g6 Re5 32. gxf7+ Kxf7 0-1